Ezekiel : (Record no. 5565)
[ view plain ]
| 000 -LEADER | |
|---|---|
| fixed length control field | 01444cam a2200349 i 4500 |
| 001 - CONTROL NUMBER | |
| control field | 5706384 |
| 003 - CONTROL NUMBER IDENTIFIER | |
| control field | AUA.1 |
| 005 - DATE AND TIME OF LATEST TRANSACTION | |
| control field | 20250327123513.0 |
| 008 - FIXED-LENGTH DATA ELEMENTS--GENERAL INFORMATION | |
| fixed length control field | 791031m19791983pau b 001 0 eng |
| 010 ## - LIBRARY OF CONGRESS CONTROL NUMBER | |
| LC control number | 75021540 //r843 |
| 020 ## - INTERNATIONAL STANDARD BOOK NUMBER | |
| International Standard Book Number | 0800660080 (v. 1) |
| 020 ## - INTERNATIONAL STANDARD BOOK NUMBER | |
| International Standard Book Number | 0800660102 (v. 2) |
| 040 ## - CATALOGING SOURCE | |
| Original cataloging agency | DLC |
| Transcribing agency | DLC |
| Modifying agency | m.c. |
| -- | EXN |
| 041 1# - LANGUAGE CODE | |
| Language code of text/sound track or separate title | engger |
| 049 ## - LOCAL HOLDINGS (OCLC) | |
| Holding library | EXNe |
| Copy statement | 1 |
| Primary bibliographic subdivision | 1 [376045], 2 [438309] |
| 050 ## - LIBRARY OF CONGRESS CALL NUMBER | |
| Classification number | BS1545.3 |
| Item number | .H474 1983 |
| 082 0# - DEWEY DECIMAL CLASSIFICATION NUMBER | |
| Classification number | 224/.4077 |
| Edition number | 19 |
| 090 ## - LOCALLY ASSIGNED LC-TYPE CALL NUMBER (OCLC); LOCAL CALL NUMBER (OCLC) | |
| Classification number (OCLC) (R) ; Classification number, CALL (RLIN) (NR) | BS491.2 |
| Local cutter number (OCLC) ; Book number/undivided call number, CALL (RLIN) | .H47 1979 |
| 100 1# - MAIN ENTRY--PERSONAL NAME | |
| Personal name | Zimmerli, Walther, |
| Dates associated with a name | 1907-1983. |
| 9 (RLIN) | 19114 |
| 245 10 - TITLE STATEMENT | |
| Title | Ezekiel : |
| Remainder of title | a commentary on the Book of the Prophet Ezekiel / |
| Statement of responsibility, etc | by Walther Zimmerli ; translated by Ronald E. Clements ; edited by Frank Moore Cross and Klaus Baltzer, with the assistance of Leonard Jay Greenspoon. |
| 260 ## - PUBLICATION, DISTRIBUTION, ETC. (IMPRINT) | |
| Place of publication, distribution, etc | Philadelphia : |
| Name of publisher, distributor, etc | Fortress Press, |
| Date of publication, distribution, etc | c1979-c1983. |
| 300 ## - PHYSICAL DESCRIPTION | |
| Extent | 2 v. ; |
| Dimensions | 25 cm. |
| 440 #0 - SERIES STATEMENT/ADDED ENTRY--TITLE | |
| Title | Hermeneia--a critical and historical commentary on the Bible. |
| 9 (RLIN) | 19115 |
| 500 ## - GENERAL NOTE | |
| General note | Translation of Ezechiel. |
| 500 ## - GENERAL NOTE | |
| General note | Vol. 2 translated by James D. Martin; edited by Paul D. Hanson with Leonard Jay Greenspoon. |
| 504 ## - BIBLIOGRAPHY, ETC. NOTE | |
| Bibliography, etc | Includes bibliographies and indexes. |
| 630 00 - SUBJECT ADDED ENTRY--UNIFORM TITLE | |
| Uniform title | Bible. |
| Name of part/section of a work | O.T. |
| -- | Ezekiel |
| General subdivision | Commentaries. |
| 9 (RLIN) | 19116 |
| 700 10 - ADDED ENTRY--PERSONAL NAME | |
| Personal name | Cross, Frank Moore. |
| 9 (RLIN) | 19117 |
| 700 10 - ADDED ENTRY--PERSONAL NAME | |
| Personal name | Baltzer, Klaus, |
| Dates associated with a name | 1928- |
| 9 (RLIN) | 19118 |
| 730 01 - ADDED ENTRY--UNIFORM TITLE | |
| Uniform title | Bible. |
| Name of part/section of a work | O.T. |
| -- | Ezekiel. |
| Language of a work | English. |
| Version | Clements-Martin. |
| Date of a work | 1979. |
| 9 (RLIN) | 19119 |
| 942 ## - ADDED ENTRY ELEMENTS (KOHA) | |
| Source of classification or shelving scheme | Library of Congress Classification |
| Koha item type | Reference Book |
| Classification part | BS 1545.3 |
| Item part | .H474 1983 |
| Withdrawn status | Lost status | Source of classification or shelving scheme | Damaged status | Not for loan | Collection code | Home library | Current library | Shelving location | Date acquired | Source of acquisition | Cost, normal purchase price | Serial Enumeration / chronology | Total Checkouts | Full call number | Barcode | Date last seen | Copy number | Cost, replacement price | Price effective from | Koha item type |
|---|---|---|---|---|---|---|---|---|---|---|---|---|---|---|---|---|---|---|---|---|
| Library of Congress Classification | Reference Shelves | Judith Thomas Library | Judith Thomas Library | Reference Books | 19/01/2012 | Donation, Biblical Research Institute | 25.00 | AUA006748 | BS 1545.3 .H474 1979 | AUA006748 | 19/01/2012 | v.2 | 25.00 | 19/01/2012 | Reference Book | |||||
| Library of Congress Classification | Reference Shelves | Judith Thomas Library | Judith Thomas Library | Reference Books | 19/01/2012 | Donation, Biblical Research Institute | 25.00 | AUA006749 | BS 1545.3 .H474 1979 | AUA006749 | 19/01/2012 | v.I | 25.00 | 19/01/2012 | Reference Book | |||||
| Library of Congress Classification | Reference Shelves | Judith Thomas Library | Judith Thomas Library | Reference Books | 15/10/2018 | Donation, The Galenieks | 25.00 | AUA23918 | BS 1545.3 .H474 1979 | AUA23918 | 15/10/2018 | v.1 c.2 | 25.00 | 15/10/2018 | Reference Book | |||||
| Library of Congress Classification | Reference Shelves | Judith Thomas Library | Judith Thomas Library | Reference Books | 15/10/2018 | Donation, The Galenieks | 25.00 | AUA23919 | BS 491.2 .H474 1979 | AUA23919 | 15/10/2018 | v. 2 c.2 | 25.00 | 15/10/2018 | Reference Book |